| 000 | 01138cam a22002895a 4500 | ||
|---|---|---|---|
| 001 | 16226636 | ||
| 005 | 20150810141121.0 | ||
| 008 | 100511t2011 njua frb 001 0 eng d | ||
| 020 | _a9780321714107 (pbk. : alk. paper) | ||
| 020 | _a0321714105 (pbk. : alk. paper) | ||
| 040 |
_aDLC _beng _cDLC _dYDX _dBTCTA _dUKM _dYDXCP _dBWX _dDLC _dEG-ScBUE |
||
| 082 | 0 | 4 |
_a005.1 _bMCM _222 |
| 100 | 1 |
_aMcMahon, Paul E., _d1949- _938293 |
|
| 245 | 1 | 0 |
_aIntegrating CMMI and agile development : _bcase studies and proven techniques for faster performance improvement / _cPaul E. McMahon. |
| 246 | 3 | 4 | _aIntegrating CMMI® and agile development |
| 260 |
_aUpper Saddle River : _bAddison-Wesley : _bPearson Education, _cc.2011. |
||
| 300 |
_axxxi, 325 p. : _bill. ; _c24 cm. |
||
| 490 | 0 | _aSEI series in software engineering | |
| 500 | _aIndex : p. 315-325. | ||
| 504 | _aIncludes bibliographical references. | ||
| 650 | 0 |
_aCapability maturity model (Computer software) _2BUEsh |
|
| 650 | 0 |
_aAgile software development. _2BUEsh |
|
| 651 | _2BUEsh | ||
| 653 |
_bCOMSCI _cJune2015 _cAugust2015 |
||
| 655 |
_vreading book _934232 |
||
| 942 |
_2ddc _k005.1 MCM |
||
| 999 |
_c19849 _d19821 |
||